000 01006nam0a22002651 4500
001 rc\3528687
005 20250610014415.0
035 _a(NLR Aleph) 007627148
090 _a5983720
_c5983720
100 _a20130115d1974 |||y0rusy50 ca
101 0 _arus
102 _aRU
105 _ay z |||||
200 1 _aПредупреждение повторных преступлений несовершеннолетних в Литовской ССР
_fПрокуратура ЛитССР. Науч.-исслед. ин-т судебной экспертизы М-ва юст. ЛитССР
210 _aВильнюс
_cБ. и.
_d1974
215 _a[1], 30 с.
_d20
300 _aАвт. указаны на обороте тит. л.
333 _aДля служебного пользования. Экз. № 000335
700 1 _aВегис
_bВ.
701 1 _aДайнис
_bА.
801 0 _aRU
_bNLR
_gpsbo
801 1 _aRU
_bELAR
_2rusmarc
852 _aNLR
_j74-50к/5455
942 _cBOOK
980 _aNB